ՀՀ Գիտությունների ազգային ակադեմիայի հիմնարար գիտական գրադարան  =   Fundamental Scientific Library of NAS RA

Нейрогуморальная регуляция и двигательная активность при старении / (Record no. 213276)

MARC details
000 -LEADER
fixed length control field 01241nam a2200265 u 4500
001 - CONTROL NUMBER
control field 000622595
003 - CONTROL NUMBER IDENTIFIER
control field AM-YeHGA
005 - DATE AND TIME OF LATEST TRANSACTION
control field 20250617140107.0
008 - FIXED-LENGTH DATA ELEMENTS--GENERAL INFORMATION
fixed length control field 081225s1984 ||||||||r|||||000|0|rus|d
040 ## - CATALOGING SOURCE
Original cataloging agency AM-YeHGA
041 0# - LANGUAGE CODE
Language code of text/sound track or separate title rus
090 ## - LOCALLY ASSIGNED LC-TYPE CALL NUMBER (OCLC); LOCAL CALL NUMBER (RLIN)
-- 214791
245 00 - TITLE STATEMENT
Title Нейрогуморальная регуляция и двигательная активность при старении /
Statement of responsibility, etc. А.П. Амвросьев, А.П. Кирилюк, Л.М. Лобанок и др. ; Науч. ред. А.С. Дмитриев ; АН БССР, Сектор геронтологии.
260 ## - PUBLICATION, DISTRIBUTION, ETC.
Place of publication, distribution, etc. Минск :
Name of publisher, distributor, etc. Наука и техника,
Date of publication, distribution, etc. 1984.
300 ## - PHYSICAL DESCRIPTION
Extent 200 с. :
Other physical details ил., табл. ;
Dimensions 22 см.
504 ## - BIBLIOGRAPHY, ETC. NOTE
Bibliography, etc. note Список лит.: с. 183-199
650 14 - SUBJECT ADDED ENTRY--TOPICAL TERM
Topical term or geographic name entry element Нейрофизиология
650 14 - SUBJECT ADDED ENTRY--TOPICAL TERM
Topical term or geographic name entry element Старение
650 14 - SUBJECT ADDED ENTRY--TOPICAL TERM
Topical term or geographic name entry element Ауторегуляция
700 1# - ADDED ENTRY--PERSONAL NAME
Personal name Амвросьев, Алексей Петрович
700 1# - ADDED ENTRY--PERSONAL NAME
Personal name Кирилюк, Анатолий Павлович
700 1# - ADDED ENTRY--PERSONAL NAME
Personal name Лобанок, Леонид Михайлович
700 1# - ADDED ENTRY--PERSONAL NAME
Personal name Дмитриев, Андрей Сергеевич
Relator term ред.
Relationship edt
710 2# - ADDED ENTRY--CORPORATE NAME
Corporate name or jurisdiction name as entry element Академия наук БССР
Subordinate unit Сектор геронтологии
Holdings
Withdrawn status Lost status Damaged status Not for loan Collection Home library Current library Date acquired Total checkouts Full call number Barcode Date last seen Price effective from Koha item type Public note
        General Fundamental Scientific Library Fundamental Scientific Library 29/12/2016   PII/519622 FL0198042 29/12/2016 29/12/2016 Գրքեր / Books 30 Days Loan


ՀՀ ԳԱԱ հիմնարար գիտական գրադարան
ՀՀ,Երևան 0019
Մարշալ Բաղրամյան 24/6
հեռախոս:(374-10) 52-47-50
Հետադարձ կապ

All site content, except where otherwise noted, is licensed under a
Creative Commons License